Milli mücadele dönemi Türk-Sovyet ilişkilerinde Mustafa Kemal (Record no. 10191)

MARC details
000 -BAŞLIK
Sabit Uzunlukta Kontrol Alanı 01533na a2200337 4500
001 - KONTROL NUMARASI
Denetim Alanı 14208
003 - KONTROL NUMARASI IDENTIFIER
Denetim Alanı MIRAKIL
005 - SON İŞLEM TARİHİ VE ZAMANI
Denetim Alanı 20181213155310.0
008 - SABİT-BOY VERİ ELEMANLARI - GENEL BİLGİLER
Sabit Uzunlukta Kontrol Alanı 161019b tu 000 0
020 ## - ULUSLARARASI STANDART KİTAP NUMARASI
Uluslararası Standart Kitap Numarası 9754581029
035 ## - SİSTEM KONTROL NUMARASI
Sistem Kontrol Numarası 14208
040 ## - KATALOGLAMA KAYNAK
Orijinal Kataloglama Ajansı Milas
Kataloglama Dili tur
Metne Dönüştürmek Ajansı TR-AnCHP
041 ## - DİL KODU
Metin / Ses Parça Veya Ayrı Başlığın Dil Kodu tur
082 ## - DEWEY ONLU SINIFLANDIRMA NUMARASI
Sınıflandırma Numarası ATA 956.1024
Ürün Numarası O49m 1998
090 ## - SINIFLAMA NUMARASI
Sınıflama Numarası ATA 956.1024 O49m 1998
100 ## - ANA GİRİŞ - KİŞİSEL İSİM
Kişisel Ad Okyar, Osman
245 ## - BAŞLIK TABLOSU
Başlık Milli mücadele dönemi Türk-Sovyet ilişkilerinde Mustafa Kemal
Başlığın Kalan 1920-1921
Sorumluluk Tablosu, Vb Osman Okyar
260 ## - YAYIN, DAĞITIM, VB
Yayın, Dağıtım, Vb Yeri Ankara
Yayıncı, Dağıtıcı, Vs Adı Türkiye iş bankası kültür yayınları
Yayın, Dağıtım, Vb Tarihi 1998
300 ## - FİZİKSEL TANIM
Kapsam 200 s.
Boyutlar 20 sm.
490 ## - SERİSİ TABLOSU
Seri Beyanı Türkiye İş Bankası Kültür yayınları
Hacim / Ardışık Tanımı 371
490 ## - SERİSİ TABLOSU
Seri Beyanı Tarih dizisi
Hacim / Ardışık Tanımı 28
504 ## - KAYNAKÇA VB NOT
Kaynakça Vb Notu Kaynakça var.
505 ## - BİÇİMLENDİRİLDİ İÇİNDEKİLER NOT
Biçimlendirilmiş İçeriği Dikkat Dış kapakta yapıt adı : Sovyetlere başvurmanın gerisindeki nedenler - Kemal'in siyası hedefi - Sovyetlerin İhtilalci tutumu ve Asya'da ihtilal -1920 yazında Türkiye'de siyasi ortam -- Birinci Moskova müzakeresi -- Bakü Kongresi -- Doğu Harekatı -- TKP'nin Anadolu'da yerleşme teşebbüsü -- Sovyetlerde tutum değişikliği ve İkinci Moskova müzakereleri -- Sakarya'dan önce -- Sakarya ve sonrası
600 ## - KONU KATMA GİRİŞ - KURUMSAL ADI
Kişisel Ad Atatürk, Mustafa Kemal
Bir Adıyla İlişkilendirilen Tarihler 1881-1938
600 ## - KONU KATMA GİRİŞ - KURUMSAL ADI
Kişisel Ad Atatürk, Mustafa Kemal
Bir Adıyla İlişkilendirilen Tarihler 1881-1938
Genel Alt Bölümü Dış politika
Kronolojik Alt Bölümü Kurtuluş Savaşı
651 ## - KONU KATMA GİRİŞ - COĞRAFİ ADI
Coğrafi İsim Türkiye
Genel Alt Bölümü Dış ilişkiler
Kronolojik Alt Bölümü 1918-1960
Coğrafi Alt Bölümü Rusya
651 ## - KONU KATMA GİRİŞ - COĞRAFİ ADI
Coğrafi İsim Türkiye
Genel Alt Bölümü Siyaset ve yönetim
Kronolojik Alt Bölümü 1918-1960
651 ## - KONU KATMA GİRİŞ - COĞRAFİ ADI
Coğrafi İsim Rusya
Genel Alt Bölümü Dış ilişkiler
Coğrafi Alt Bölümü Türkiye
651 ## - KONU KATMA GİRİŞ - COĞRAFİ ADI
Coğrafi İsim Türkiye
Genel Alt Bölümü Siyasal tarih
942 ## - EKLENDİ GİRİŞ ELEMANLARI (KOHA)
Sınıflandırma Veya Raf Düzeni Kaynak
Koha Öğesi Türü Books
999 ## - SİSTEM KONTROL NUMARALARI (KOHA)
Koha Biblionumber 10191
Koha Biblioitemnumber 10191
Holdings
Kalıcı Konum Mevcut Konum Edinme Tarihi Edinim Kaynak Toplam Check-Out'Lar Tam Çağrı Numarası Barkod Tarih Son Görülme İtibaren Geçerli Fiyatlar Koha Öğesi Türü
CHP Kütüphanesi CHP Kütüphanesi 08/25/2016 Bağış   ATA 956.1024 O49m 1998 002146 08/25/2016 08/25/2016 Books